| 000 | 00523nam a22001697a 4500 | ||
|---|---|---|---|
| 082 | _aBEE-4 RAZ | ||
| 100 |
_aAhmed Raza Malik _993481 |
||
| 245 | _aNuclear- A preventive wearable for pressure Ulcers | ||
| 260 |
_aIslamabad _bNUST-SEECS _c2016 |
||
| 300 |
_a48p. _b27cm. _eCD Includes |
||
| 500 | _aSupervisors: Dr. Hammad Cheema, Dr. Osman Hasan | ||
| 563 | _aHB | ||
| 700 |
_aMuhammad Asawal _993482 |
||
| 700 |
_aHareem Nisar _993483 |
||
| 856 | _uhttp://10.250.8.41:8080/xmlui/handle/123456789/6628 | ||
| 942 |
_cPR _2ddc |
||
| 999 |
_c13667 _d13667 |
||